Chemistry : A world of choices

Operational amplifiers play a vital role in modern electronics design. The latest op amps have powerful new features, making them more suitable for use in many products requiring weak signal amplification, such as medical devices, communications technology, optical networks, and sensor interfacing....

全面介紹

Đã lưu trong:
書目詳細資料
主要作者: Kelter, Paul B.
格式: 圖書
語言:Undetermined
出版: Boston, Mass. WCB/McGraw-Hill 1999
主題:
標簽: 添加標簽
沒有標簽, 成為第一個標記此記錄!
Thư viện lưu trữ: Trung tâm Học liệu Trường Đại học Cần Thơ
LEADER 01651nam a2200217Ia 4500
001 CTU_137995
008 210402s9999 xx 000 0 und d
020 |c 130.31 
082 |a 540 
082 |b K29 
100 |a Kelter, Paul B. 
245 0 |a Chemistry : 
245 2 |b A world of choices 
245 0 |c Paul B. Kelter, James D. Carr, Andrew Scott 
260 |a Boston, Mass. 
260 |b WCB/McGraw-Hill 
260 |c 1999 
520 |a Operational amplifiers play a vital role in modern electronics design. The latest op amps have powerful new features, making them more suitable for use in many products requiring weak signal amplification, such as medical devices, communications technology, optical networks, and sensor interfacing. The Op Amp Applications Handbook may well be the ultimate op amp reference book available. This book is brimming with up-to-date application circuits, valuable design tips, and in-depth coverage of the latest techniques to simplify op amp circuit designs, and improve their performance. As an added bonus, a selection on the history of op amp development provides an extensive and expertly researched overview, of interest to anyone involved in this important area of electronics. * Seven major sections packed with technical information * Anything an engineer will want to know about designing with op amps can be found in this book * Op Amp Applications Handbook is a practical reference for a challenging engineering field. 
650 |a Operational amplifiers,Hoạt động của máy tăng âm 
904 |i Nguyễn Kim Chung 
980 |a Trung tâm Học liệu Trường Đại học Cần Thơ